Die frau ohne schatten : oper in drei Aufzügen (Record no. 172079)
[ view plain ]
| 000 -LEADER | |
|---|---|
| campo de control de longitud fija | 00920nam a22002295i 4500 |
| 001 - NÚMERO DE CONTROL | |
| campo de control | 172079 |
| 003 - IDENTIFICADOR DE NÚMERO DE CONTROL | |
| campo de control | ES-MaACL |
| 005 - FECHA Y HORA DE LA ÚLTIMA TRANSACCIÓN | |
| campo de control | 20251223063021.0 |
| 008 - DATOS DE LONGITUD FIJA--INFORMACIÓN GENERAL | |
| campo de control de longitud fija | 090612s1980 fr |||| | fre d |
| 080 ## - NÚMERO DE LA CLASIFICACIÓN DECIMAL UNIVERSAL | |
| Número de la Clasificación Decimal Universal | 782.1 |
| 100 0# - ENTRADA PRINCIPAL--NOMBRE DE PERSONA | |
| Nombre de persona | Hofmannsthal, Hugo von |
| 9 (RLIN) | 63966 |
| 245 14 - MENCIÓN DEL TÍTULO | |
| Título | Die frau ohne schatten : oper in drei Aufzügen |
| Resto del título | = La Femme sans ombre : opéra en trois actes / |
| Mención de responsabilidad, etc. | musique de Richard Strauss (1864-1949) ; livret de Hugo von Hofmannsthal ; traduction française de Nicole Casanova. |
| 246 11 - FORMA VARIANTE DEL TITULO | |
| Título propio/Titulo breve | La Femme sans ombre |
| 260 ## - PUBLICACIÓN, DISTRIBUCIÓN, ETC. | |
| Lugar de publicación, distribución, etc. | Paris : |
| Nombre del editor, distribuidor, etc. | Gérard Billaudot, |
| Fecha de publicación, distribución, etc. | 1980. |
| 300 ## - DESCRIPCIÓN FÍSICA | |
| Extensión | 177 p. ; |
| Dimensiones | 18 cm. |
| 490 1# - MENCIÓN DE SERIE | |
| Mención de serie | Opéra de Paris. Bilingue |
| 650 14 - PUNTO DE ACCESO ADICIONAL DE MATERIA--TÉRMINO DE MATERIA | |
| Término de materia o nombre geográfico como elemento de entrada | Óperas- |
| Subdivisión de forma | Libretos. |
| 9 (RLIN) | 137584 |
| 700 1# - ENTRADA AGREGADA--NOMBRE PERSONAL | |
| Nombre de persona | Strauss, Richard, |
| Fechas asociadas al nombre | 1864-1949 |
| 9 (RLIN) | 240557 |
| 830 0# - PUNTO DE ACCESO ADICIONAL DE SERIE-TÍTULO UNIFORME | |
| Título uniforme | Opéra de Paris. Bilingue |
| 9 (RLIN) | 189043 |
| 852 4# - LOCALIZACIÓN | |
| Ubicación | ES-MaACL |
| Número de control de estantería | E-12695 |
| itemnumber | R.190300 |
| Nota libre | . - Biblioteca Jacinto Martínez Lacalle |
| Estatus retirado | Estado de pérdida | Estado de daño | No para préstamo | Biblioteca de origen | Biblioteca actual | Ubicación en estantería | Fecha de adquisición | Fuente de adquisición | Total de préstamos | Signatura topográfica completa | Código de barras | Visto por última vez | Precio de reemplazo | Tipo de ítem Koha |
|---|---|---|---|---|---|---|---|---|---|---|---|---|---|---|
| Biblioteca del Ateneo de Madrid | Biblioteca del Ateneo de Madrid | Depósito 2 | 12/06/2009 | E-12695 | 1180585 | 23/02/2023 | 23/02/2023 | Libro impreso |
